000 00230nam a2200109Ia 4500
100 _a#N/A
942 _cBK
654 _anet framework version 2.0
245 _aNet Framework Version 2.0
260 _b#N/A
_c2004
546 _aENGLISH
999 _c34339
_d34339